| 000 | 01321nam a2200241Ia 4500 | ||
|---|---|---|---|
| 999 |
_c46141 _d46141 |
||
| 001 | 12973 | ||
| 003 | GE_BSU | ||
| 005 | 20240829164903.0 | ||
| 008 | 181216s2002||||ge |||||||||||||| ||geo|| | ||
| 040 | _cGE_BSU | ||
| 041 | _ageo | ||
| 080 | _a913.1(479.223) გ-60 | ||
| 100 |
_aგოგიტიძე, სიმონ _9101 |
||
| 245 |
_aსამხრეთ-დასავლეთ საქართველოს საისტორიო გეოგრაფია (ძვ. წ. XII-IVსს) / _cსიმონ გოგიტიძე ; [რედ. : დავით ხახუტაიშვილი]. |
||
| 264 |
_aბათუმი : _bაჭარა, _c2002. |
||
| 300 |
_a264 გვ. ; _c20 სმ. |
||
| 504 | _aბიბლიოგრ. : გვ. 244-262 | ||
| 520 | _aრეზიუმე რუსულ და ინგლისურ ენაზე | ||
| 653 | _aსამხრეთ-დასავლეთ საქართველოს საისტორიო გეოგრაფია | ||
| 653 | _aსამხრეთ-დასავლეთ საქართველოს ისტორიული გეოგრაფია | ||
| 700 |
_aხახუტაიშვილი, დავით _eრედაქტორი _923147 |
||
| 942 |
_cBK _2udc |
||